LEADER 01389nam0 2200361 450 001 000024468 005 20150817103321.0 100 $a20090129d1967----km-y0itaa50------ba 101 1 $aita 102 $aIT 200 1 $a<> spazio letterario$fMaurice Blanchot$gcon un saggio di Jean Pfeiffer e una nota di Guido Neri 210 $aTorino$cEinaudi$dc1967 215 $aXXI, 243 p.$d20 cm 225 2 $aReprints Einaudi$v26 300 $aTraduzione di Gabriella Zanobetti 410 0$1Reprints Einaudi$a26 454 1$12001$a<>espace littéraire$91528281 606 1 $aLetteratura 676 $a801$v(21. ed.)$9Letteratura. Filosofia e teoria 700 1$aBlanchot,$bMaurice$0155304 702 1$aZanobetti,$bGabriella 702 1$aPfeiffer,$bJean 702 1$aNeri,$bGuido 801 0$aIT$bUniversità della Basilicata - B.I.A.$gRICA$2unimarc 912 $a000024468 996 $aEspace littéraire$91528281 997 $aUNIBAS BAS $aLETTERE CAT $aEXT10$b01$c20090129$lBAS01$h1048 CAT $aTTM$b30$c20150817$lBAS01$h1033 FMT Z30 -1$lBAS01$LBAS01$mBOOK$1BASA1$APolo Storico-Umanistico$2FMAS$BFondo Masini$3FMas/817/1215$6817/1215$5B817/1215$820090129$f04$FPrestabile Didattica Z30 -1$lBAS01$LBAS01$mBOOK$1BASA1$APolo Storico-Umanistico$2GEN$BCollezione generale$3FP/113657$6113657$5L113657$820150824$f02$FPrestabile Generale LEADER 01250nam 2200349 n 450 001 996386590303316 005 20221108013511.0 035 $a(CKB)1000000000616298 035 $a(EEBO)2240894542 035 $a(UnM)99856692 035 $a(EXLCZ)991000000000616298 100 $a19921026d1609 uy | 101 0 $aeng 135 $aurbn||||a|bb| 200 00$aBen Ionson, his Case is alterd$b[electronic resource] $eAs it hath beene sundry times acted by the children of the Blacke-friers 210 $aAt London $cPrinted [by Nicholas Okes] for Bartholomew Sutton, dwelling in Paules Church-yard neere the great north doore of Paules Church$d1609 215 $a[74] p 300 $aPrinter's name from STC. 300 $aRunning title reads: A pleasant comedy, called The case is alterd. 300 $aSignatures: A-Iâ´ K² (-K2). 300 $aImperfect; all after I3 lacking. 300 $aReproduction of the original in the British Library. 330 $aeebo-0018 700 $aJonson$b Ben$f1573?-1637.$0445907 801 0$bCu-RivES 801 1$bCu-RivES 801 2$bCStRLIN 801 2$bWaOLN 906 $aBOOK 912 $a996386590303316 996 $aBen Ionson, his Case is alterd$92402965 997 $aUNISA